ARRUPE JESUIT UNIVERSITY

CORONAVIRUS -STOP THE SPREAD - CLEAN,DISINFECT,COVER

Theologies in conflict : (Record no. 120926)

MARC details
000 -LEADER
fixed length control field 00781pam a2200253 i 4500
001 - CONTROL NUMBER
control field 3698857
003 - CONTROL NUMBER IDENTIFIER
control field ARRUPE
005 - DATE AND TIME OF LATEST TRANSACTION
control field 20140924134334.0
008 - FIXED-LENGTH DATA ELEMENTS--GENERAL INFORMATION
fixed length control field 790316s1979 nyu b 000 0 eng
010 ## - LIBRARY OF CONGRESS CONTROL NUMBER
LC control number 79011760
020 ## - INTERNATIONAL STANDARD BOOK NUMBER
International Standard Book Number 0883442876
040 ## - CATALOGING SOURCE
Original cataloging agency DLC
Transcribing agency DLC
Modifying agency DLC
050 00 - LIBRARY OF CONGRESS CALL NUMBER
Classification number BT83.57.S449
Item number H46
082 00 - DEWEY DECIMAL CLASSIFICATION NUMBER
Classification number 230/.2/0924
300 ## - PHYSICAL DESCRIPTION
Dimensions 24 cm.
100 1# - MAIN ENTRY--PERSONAL NAME
Personal name Hennelly, Alfred T.
9 (RLIN) 11552
245 10 - TITLE STATEMENT
Title Theologies in conflict :
Remainder of title the challenge of Juan Luis Segundo /
Statement of responsibility, etc Alfred T. Hennelly.
260 ## - PUBLICATION, DISTRIBUTION, ETC. (IMPRINT)
Place of publication, distribution, etc Maryknoll, N.Y. :
Name of publisher, distributor, etc Orbis Books,
Date of publication, distribution, etc c1979.
300 ## - PHYSICAL DESCRIPTION
Extent xxiii, 200 p. ;
504 ## - BIBLIOGRAPHY, ETC. NOTE
Bibliography, etc Includes bibliographies.
600 10 - SUBJECT ADDED ENTRY--PERSONAL NAME
Personal name Segundo, Juan Luis.
9 (RLIN) 11553
650 #0 - SUBJECT ADDED ENTRY--TOPICAL TERM
Topical term or geographic name as entry element Liberation theology.
9 (RLIN) 11554
906 ## - LOCAL DATA ELEMENT F, LDF (RLIN)
a 7
b cbc
c orignew
d 1
e ocip
f 19
g y-gencatlg
942 ## - ADDED ENTRY ELEMENTS (KOHA)
Source of classification or shelving scheme Library of Congress Classification
Koha item type Monograph ( Printed materials)
Holdings
Withdrawn status Lost status Source of classification or shelving scheme Damaged status Not for loan Collection code Home library Current library Shelving location Date acquired Total Checkouts Full call number Barcode Date last seen Price effective from Koha item type
    Library of Congress Classification     Main Collection ARRUPE LIBRARY ARRUPE LIBRARY Main Collection 24/09/2014   BT83.57.S449 H46 46500000393 24/09/2014 24/09/2014 Monograph ( Printed materials)

 

Arrupe Library. PO Box MP320 Mt Pleasant, Harare, Zimbabwe
263 242 745411|librarian@aju.ac.zw